<?xml version="1.0" encoding="UTF-8"?><?xml-stylesheet type="text/xsl" href="static/style.xsl"?><OAI-PMH xmlns="http://www.openarchives.org/OAI/2.0/" xmlns:xsi="http://www.w3.org/2001/XMLSchema-instance" xsi:schemaLocation="http://www.openarchives.org/OAI/2.0/ http://www.openarchives.org/OAI/2.0/OAI-PMH.xsd"><responseDate>2026-04-26T20:25:37Z</responseDate><request verb="GetRecord" identifier="oai:uvadoc.uva.es:10324/46191" metadataPrefix="marc">https://uvadoc.uva.es/oai/request</request><GetRecord><record><header><identifier>oai:uvadoc.uva.es:10324/46191</identifier><datestamp>2021-06-24T07:51:58Z</datestamp><setSpec>com_10324_1669</setSpec><setSpec>com_10324_952</setSpec><setSpec>com_10324_894</setSpec><setSpec>col_10324_1977</setSpec></header><metadata><record xmlns="http://www.loc.gov/MARC21/slim" xmlns:doc="http://www.lyncode.com/xoai" xmlns:xsi="http://www.w3.org/2001/XMLSchema-instance" xmlns:dcterms="http://purl.org/dc/terms/" xsi:schemaLocation="http://www.loc.gov/MARC21/slim http://www.loc.gov/standards/marcxml/schema/MARC21slim.xsd">
<leader>00925njm 22002777a 4500</leader>
<datafield tag="042" ind1=" " ind2=" ">
<subfield code="a">dc</subfield>
</datafield>
<datafield tag="720" ind1=" " ind2=" ">
<subfield code="a">Fernández Maroto, Miguel</subfield>
<subfield code="e">author</subfield>
</datafield>
<datafield tag="720" ind1=" " ind2=" ">
<subfield code="a">Santos Ganges, Luis</subfield>
<subfield code="e">author</subfield>
</datafield>
<datafield tag="260" ind1=" " ind2=" ">
<subfield code="c">2020</subfield>
</datafield>
<datafield tag="520" ind1=" " ind2=" ">
<subfield code="a">En 2019 se cumplió el cuadragésimo aniversario de la celebración de las primeras elecciones municipales democráticas tras la dictadura, que tuvieron lugar el 3 de abril de 1979 y marcaron el inicio de una nueva etapa en todos los municipios de España. Hoy tenemos ya la suficiente perspectiva histórica como para proceder con objetividad a un estudio de historia urbana referido a esos intensos años, en los que los primeros ayuntamientos democráticos en nuestro país debieron enfrentarse a numerosos problemas técnicos, financieros y de gestión, en un contexto de cambio político, efervescencia del movimiento vecinal y grave crisis económica.&#xd;
&#xd;
En concreto, esta monografía se refiere a la ciudad de Valladolid, y en ella proponemos un estudio de la historia de las políticas urbanas municipales en el periodo comprendido entre 1979, año de esas primeras elecciones democráticas, y 1995, año en el que la voluntad popular dio un giro político al gobierno municipal de la ciudad. Es decir, analizamos las realidades urbanísticas y los procesos de cambio en los cuatro mandatos como alcalde de Tomás Rodríguez Bolaños (1944-2018), cuyo reciente y repentino fallecimiento ha puesto un foco de atención sobre la ciudad de aquel momento y sobre las transformaciones impulsadas por el Ayuntamiento que él lideró entonces.&#xd;
&#xd;
El objetivo pretendido es alcanzar una síntesis histórica de las claves de la evolución de la ciudad de Valladolid en los años ochenta y principios de los noventa, atendiendo a la acción política municipal en ese período. La perspectiva de trabajo es la historia urbana en sus específicas facetas del urbanismo y de las políticas públicas, y la hipótesis planteada es que estos años conforman un momento histórico muy importante para la ciudad en materias tales como el planeamiento y la gestión urbanística, las dotaciones, los servicios municipales o la movilidad. Una importancia que se debe, más que a sus resultados físicos, a las nuevas estrategias urbanas y las visiones alternativas en diversos campos de la gestión municipal que se desplegaron entonces. [texto de la introducción de la monografía]</subfield>
</datafield>
<datafield tag="024" ind2=" " ind1="8">
<subfield code="a">978-84-1320-087-3</subfield>
</datafield>
<datafield tag="024" ind2=" " ind1="8">
<subfield code="a">http://uvadoc.uva.es/handle/10324/46191</subfield>
</datafield>
<datafield ind1=" " ind2=" " tag="653">
<subfield code="a">Ayuntamiento de Valladolid</subfield>
</datafield>
<datafield ind1=" " ind2=" " tag="653">
<subfield code="a">Políticas urbanas</subfield>
</datafield>
<datafield ind1=" " ind2=" " tag="653">
<subfield code="a">Planificación urbanística</subfield>
</datafield>
<datafield tag="245" ind1="0" ind2="0">
<subfield code="a">Ayuntamiento de Valladolid, transición democrática y transformación urbana. Cambios de rumbo y nuevas estrategias urbanísticas (1979-1995)</subfield>
</datafield>
</record></metadata></record></GetRecord></OAI-PMH>